书目信息 |
| 题名: |
汽车神话
|
|
| 作者: | 林平 编著 | |
| 分册: | ||
| 出版信息: | 北京 电子工业出版社 2006 |
|
| 页数: | 260页 | |
| 开本: | 23cm | |
| 丛书名: | 汽车文化丛书 | |
| 单 册: | ||
| 中图分类: | G872.1 | |
| 科图分类: | ||
| 主题词: | 赛车--汽车运动--概况--世界 | |
| 电子资源: | ||
| ISBN: | 7-121-02243-5 | |
| 000 | 01583nam0 2200349 450 | |
| 000 | 01546nam0 2200337 450 | |
| 000 | 01506nam0 2200337 450 | |
| 000 | 01452nam0 2200313 450 | |
| 000 | 01383nam0 2200289 450 | |
| 000 | 01346nam0 2200277 45 | |
| 005 | 20061214094410.12 | |
| 010 | @a7-121-02243-5@dCNY29.00 | |
| 100 | @a20060829d2006 ekmy0chiy0120 ea | |
| 101 | 0 | @achi |
| 102 | @aCN@b110000 | |
| 105 | @ay z 000yy | |
| 200 | 1 | @a汽车神话@AQi Che Shen Hua@e汽车赛场风云@EQi Che Sai Chang Feng Yun@f林平编著@FLin Ping Bian Zhu |
| 210 | @a北京@c电子工业出版社@d2006 | |
| 215 | @a260页@d23cm | |
| 225 | 2 | @a汽车文化丛书 |
| 330 | @a本书主要介绍了汽车竞赛的历史以及各种汽车赛事。汽车竞赛对车手的驾驶技术、意志都是严峻的考验。车手们你追我赶,赛车如巨浪翻滚、一泻而过,更有翻车撞车、起火燃烧的惊险场面,对观众来说极富刺激,情景蔚为壮观;这本身又是一项非常有趣的体育活动,现已成为仅次于足球的又一影响巨大的体育活动,吸引了大批爱好汽车和体育的人前来观看。汽车赛不仅是赛车手勇气、驾驶技术和智慧的竞争,在其背后还进行着各大汽车公司之间科学技术的竞争。 | |
| 410 | 0 | @12001 @a汽车文化丛书 |
| 517 | 1 | @a汽车赛场风云@AQi Che Sai Chang Feng Yun |
| 606 | 0 | @a赛车@x汽车运动@x概况@y世界 |
| 690 | @aG872.1@v4 | |
| 701 | 0 | @a林平@ALin Ping@4编著 |
| 801 | @aTSSF@b206106373@b206106382@b206106391@c20061214@dG872.1@f3 | |
| 801 | 0 | @aCN@b中图数据@c20060829 |
| 905 | @a10447@dG872.1@e50 | |
| 汽车神话:汽车赛场风云/林平编著.-北京:电子工业出版社,2006 |
| 260页;23cm.-(汽车文化丛书) |
| ISBN 7-121-02243-5:CNY29.00 |
| 本书主要介绍了汽车竞赛的历史以及各种汽车赛事。汽车竞赛对车手的驾驶技术、意志都是严峻的考验。车手们你追我赶,赛车如巨浪翻滚、一泻而过,更有翻车撞车、起火燃烧的惊险场面,对观众来说极富刺激,情景蔚为壮观;这本身又是一项非常有趣的体育活动,现已成为仅次于足球的又一影响巨大的体育活动,吸引了大批爱好汽车和体育的人前来观看。汽车赛不仅是赛车手勇气、驾驶技术和智慧的竞争,在其背后还进行着各大汽车公司之间科学技术的竞争。 |
| ● |
| 相关链接 |
|
|
|
|
正题名:汽车神话
索取号:G872.1/50
 
预约/预借
| 序号 | 登录号 | 条形码 | 馆藏地/架位号 | 状态 | 备注 |
| 1 | 0610637 | 206106373 | 第一样本阅览室/ [索取号:G872.1/50] | 在馆 | |
| 2 | 0610638 | 206106382 | 第四借阅区/ [索取号:G872.1/50] | 在馆 | |
| 3 | 0610639 | 206106391 | 第四借阅区/ [索取号:G872.1/50] | 在馆 |